Tableau final de Roland Garros 2024. - Statistiques

Statistiques générales
  • Ce quiz a été pris 376 fois
  • Le résultat moyen est 11 sur 16
Statistiques - réponses
Tennisman % Correct
Carlos Alcaraz
98%
Alexander Zverev
97%
Novak Djokovic
96%
Jannik Sinner
94%
Casper Ruud
88%
Daniil Medvedev
78%
Holger Rune
75%
Stéfanos Tsitsipás
72%
Corentin Moutet
64%
Taylor Fritz
58%
Alex de Minaur
56%
Francisco Cerúndolo
53%
Grigor Dimitrov
51%
Félix Auger-Aliassime
36%
Hubert Hurkacz
35%
Matteo Arnaldi
29%
Aucun quiz correspondant
Distribution des résultats
% des personnes avec chaque résultat
Percentile par nombre de réponses
Votre historique - résultats
Vous n’avez pas pris ce quiz